00358 a2200145 4500003000400000005001700004008004100021020001500062040000900077082001800086100001800104245004200122260003900164300000900203OSt20231223152052.0231223b |||||||| |||| 00| 0 eng d a8181431944 coclc a891.43bSIN/K aSingh, Vikram aKUCHH GHAME DAURAN /cVikram, Singh,  aNew Delhi:bVani Prakashan,c2004. a287p